Normal view
MARC view
- Sonale Dnyanda- 2k241196 & Dr. Ashok Pawar - Guide
Entry Personal Name
001 - CONTROL NUMBER
- control field: 216433
003 - CONTROL NUMBER IDENTIFIER
- control field: OSt
005 - DATE AND TIME OF LATEST TRANSACTION
- control field: 20260122152751.0
008 - FIXED-LENGTH DATA ELEMENTS
- fixed length control field: 260122|| aca||aabn | a|a d
040 ## - CATALOGING SOURCE
- Original cataloging agency: OSt
- Transcribing agency: OSt
100 ## - HEADING--PERSONAL NAME
- Personal name: Sonale Dnyanda- 2k241196 & Dr. Ashok Pawar - Guide
670 ## - SOURCE DATA FOUND
- Source citation: Work cat.: (OSt)370059: Sonale Dnyanda- 2k241196 & Dr. Ashok Pawar - Guide, A Study on Selection of Beneficial Tax Regime Through Comparative Analysis of Old & New Tax Regimes Using Clients Financial Statements, 2025